000 01862cam a22004574i 4500
003 PE-LiUPU
005 20250731173410.0
008 150706s r 000 0 d
020 _a9780758907479
035 _a(Sirsi) i9780758907479
040 _aPE-LiUPU
_bspa
_cPE-LiUPU
_erda
049 _aPRUA
082 0 4 _a289.9
_bR74
_221
100 1 _aRodríguez, Daniel,
_eautor.
245 1 3 _aLa crisis venidera de watchtower /
_cDaniel Rodríguez.
264 1 _aOntario, California :
_bChick Publications,
_c2010.
300 _a62 páginas ;
_c21 cm.
336 _atext
_2rdacontent
337 _aunmediated
_2rdamedia
338 _avolume
_2rdacarrier
505 0 _aEl esclavo fiel y discreto: una breve historia -- ¿Quién era el esclavo fiel y discreto? -- La reunión de los 144,000 de la Watchtower -- Los errores proféticos de Joseph Franklin lrutherford -- Los libros de Rutherford -- Un cambio mayor -- Su estrategia evangelística -- Para empezar -- La presentación -- ¿Exactamente quién irá al cielo?.
526 _aSEG42
526 _aSEG41
526 _aSEG40
526 _aSEG39
526 _aP94
526 _aP87
526 _aP86
526 _aP85
526 _aP77
526 _aP76
526 _aP35
541 _g0010000548;
650 0 4 _aTestigos de Jehová
_vLiteratura controversial.
910 _agl
_bjv
_clch
_d20111030
942 _2ddc
_cBOOK
949 _a289.9 R74
_wDEWEY
_c1
_i63914
_lCCODEBUL1
_mBUL
_p6.00
_r0
_sY
_tBOOK
_u2015-7-6
_xTEOLOGIA
_PP35
_o.STAFF. Colección General
994 _aC0
_bPEPRU
596 _a1
999 _a289.9 R74
_wDEWEY
_c52774
_i63914
_f2021-11-11
_g5
_lCCODEBUL1
_mBUL
_p6.00
_r0
_sY
_tBOOK
_u2015-7-6
_xTEOLOGIA
_PP35
_0COMPRA
_o.STAFF. Colección General
_d52774
980 _81
_gALBERTO SANCHEZ Responsable de Automatización